[Event "V Open Alta Padovana A"]
[Site "Loreggia ITA"]
[Date "2005.02.27"]
[Round "5"]
[White "Verducci, Gianni"]
[Black "Garofalo, Sergio"]
[Result "1-0"]
[WhiteElo "2081"]
[BlackElo "2005"]
[PlyCount "79"]
[EventDate "2005.02.25"]

1. e4 e5 2. Nf3 Nc6 3. d4 exd4 4. Bc4 Nf6 5. O-O Nxe4 6. Re1 d5 7. Bxd5 Qxd5 8.
Nc3 Qa5 9. Nxe4 Be6 10. Bg5 Be7 11. Bxe7 Nxe7 12. Qxd4 Nf5 13. Qc5 Qb6 14. Rad1
Rc8 15. Nfg5 h6 16. Nxe6 fxe6 17. Nf6+ gxf6 18. Qxf5 Ke7 19. Re2 Qc6 20. Rde1
e5 21. f4 Qe6 22. Rxe5 fxe5 23. Rxe5 Qxe5 24. Qxe5+ Kd7 25. Qd5+ Ke7 26. f5
Rce8 27. Qxb7 Kd6 28. c4 Re5 29. Qxa7 Rhe8 30. Qd4+ Kc6 31. f6 Rf5 32. h3 Re1+
33. Kh2 Ref1 34. b4 R1f4 35. Qd3 Rxf6 36. Qd5+ Kb6 37. a4 R4f5 38. Qa8 c6 39.
Qb8+ Ka6 40. c5 1-0

[Event "V Open Alta Padovana A"]
[Site "Loreggia ITA"]
[Date "2005.02.27"]
[Round "5"]
[White "Xia, Jie"]
[Black "Navarro, Stefano"]
[Result "1/2-1/2"]
[WhiteElo "2097"]
[BlackElo "2179"]
[PlyCount "41"]
[EventDate "2005.02.25"]

1. e4 e5 2. Nf3 Nc6 3. d4 exd4 4. Bc4 Nf6 5. O-O Bc5 6. e5 d5 7. Bb5 Ne4 8.
Nxd4 Bxd4 9. Qxd4 O-O 10. Bxc6 bxc6 11. f3 Ng5 12. Bxg5 Qxg5 13. f4 Qg6 14. c4
Rd8 15. Na3 Bf5 16. Rad1 Rd7 17. Qc3 h5 18. Rd2 a6 19. Nc2 Bxc2 20. Qxc2 Qe6
21. Rfd1 1/2-1/2

[Event "IV Weekend Scacchi tra le Torri A"]
[Site "Melegnano ITA"]
[Date "2005.02.25"]
[Round "1"]
[White "De Santis, Alessio"]
[Black "Panizzi, Giuseppe"]
[Result "1-0"]
[WhiteElo "2293"]
[BlackElo "2091"]
[PlyCount "71"]
[EventDate "2005.02.25"]

1. d4 Nf6 2. c4 e6 3. Nc3 d5 4. cxd5 exd5 5. Bg5 Be7 6. e3 O-O 7. Bd3 c6 8. Qc2
h6 9. Bh4 Nbd7 10. f3 Re8 11. Nge2 Nf8 12. O-O Bd7 13. h3 N6h7 14. Bf2 Bh4 15.
e4 Bxf2+ 16. Rxf2 Bc8 17. e5 c5 18. f4 cxd4 19. Nxd4 Qb6 20. Rd1 Rd8 21. a3 Kh8
22. Nf3 Qc5 23. b4 Qe7 24. Bxh7 Nxh7 25. Nxd5 Qf8 26. Rfd2 Be6 27. f5 Bxd5 28.
Rxd5 Rxd5 29. Rxd5 Rc8 30. Qd2 Qe8 31. Rd7 Ng5 32. Nxg5 hxg5 33. Qd5 f6 34. e6
Rc1+ 35. Kh2 Qh5 36. e7 1-0

[Event "IV Weekend Scacchi tra le Torri A"]
[Site "Melegnano ITA"]
[Date "2005.02.25"]
[Round "1"]
[White "Gagliardi, Christian"]
[Black "Aranovitch, Emiliano"]
[Result "0-1"]
[WhiteElo "2091"]
[BlackElo "2314"]
[PlyCount "74"]
[EventDate "2005.02.25"]

1. e4 c5 2. Nf3 d6 3. d4 cxd4 4. Nxd4 Nf6 5. Nc3 Nc6 6. Be2 Nxd4 7. Qxd4 g6 8.
Bg5 Bg7 9. O-O-O O-O 10. Qd2 Be6 11. f3 Qa5 12. Bh6 Bxa2 13. Bxg7 Kxg7 14. h4
Be6 15. Qd4 Qc5 16. b4 Qxd4 17. Rxd4 Rfc8 18. Kb2 a6 19. Nd5 Bxd5 20. exd5 a5
21. c3 axb4 22. cxb4 Ra7 23. Re1 Kf8 24. f4 Nd7 25. Bg4 f5 26. Bd1 Nb6 27. Bb3
Na4+ 28. Bxa4 Rxa4 29. Kb3 Rca8 30. Kc4 R8a5 31. Red1 b5+ 32. Kd3 Ra3+ 33. Ke2
R5a4 34. Rc1 Rb3 35. Rc8+ Kf7 36. Rh8 h5 37. Rh7+ Kf6 0-1

[Event "IV Weekend Scacchi tra le Torri A"]
[Site "Melegnano ITA"]
[Date "2005.02.25"]
[Round "1"]
[White "Giannetta, Paolo"]
[Black "Dragojlovic, Andjelko"]
[Result "0-1"]
[WhiteElo "2080"]
[BlackElo "2276"]
[PlyCount "66"]
[EventDate "2005.02.25"]

1. d4 Nf6 2. c4 g6 3. Nc3 d5 4. cxd5 Nxd5 5. e4 Nxc3 6. bxc3 Bg7 7. Bc4 c5 8.
Ne2 Nc6 9. Be3 O-O 10. O-O Qc7 11. Rc1 Rd8 12. Qc2 Na5 13. Bb3 c4 14. Ba4 a6
15. Qb1 b5 16. Bc2 e6 17. e5 Bb7 18. Ng3 Nc6 19. Ne4 Ne7 20. Bg5 Bxe4 21. Bxe4
Rab8 22. Qc2 Rd7 23. Bxe7 Rxe7 24. Rb1 Rd7 25. Rfd1 a5 26. f4 Bf8 27. g4 b4 28.
f5 bxc3 29. fxg6 hxg6 30. Bxg6 Rxb1 31. Bh7+ Kg7 32. Rxb1 Rxd4 33. Qf2 Rxg4+
0-1

[Event "IV Weekend Scacchi tra le Torri A"]
[Site "Melegnano ITA"]
[Date "2005.02.25"]
[Round "1"]
[White "Lanzani, Giuliano"]
[Black "Luciani, Valerio"]
[Result "0-1"]
[WhiteElo "2058"]
[BlackElo "2192"]
[PlyCount "38"]
[EventDate "2005.02.25"]

1. e4 d6 2. g3 Nf6 3. Bg2 e5 4. Nc3 c6 5. d4 Qc7 6. Nge2 b5 7. f4 b4 8. fxe5
dxe5 9. dxe5 Qxe5 10. Bf4 Qa5 11. Nb1 Bc5 12. Bd6 Be3 13. Qd3 Qb6 14. Nd2 Bf2+
15. Kd1 Ba6 16. Nc4 Bxc4 17. Qxc4 Ng4 18. Bf4 Be3 19. Ke1 Bxf4 0-1

[Event "IV Weekend Scacchi tra le Torri A"]
[Site "Melegnano ITA"]
[Date "2005.02.25"]
[Round "1"]
[White "Martinez, Rolly"]
[Black "Bonade', Massimo"]
[Result "1-0"]
[WhiteElo "2416"]
[BlackElo "2098"]
[PlyCount "71"]
[EventDate "2005.02.25"]

1. e4 c5 2. Nf3 d6 3. d4 cxd4 4. Qxd4 Nc6 5. Bb5 Bd7 6. Bxc6 Bxc6 7. Nc3 Nf6 8.
Bg5 e6 9. O-O-O Be7 10. Rhe1 O-O 11. Qd3 Qa5 12. Bd2 Qc7 13. Nd4 a6 14. f4 Rfd8
15. f5 e5 16. Nf3 b5 17. Bg5 b4 18. Nd5 Bxd5 19. exd5 e4 20. Qe2 exf3 21. Qxe7
Qxe7 22. Rxe7 fxg2 23. Bxf6 gxf6 24. Rg1 Re8 25. Rxg2+ Kf8 26. Rd7 Re1+ 27. Kd2
Re5 28. Rxd6 Ke7 29. Rb6 Rxd5+ 30. Ke1 Rxf5 31. Rxb4 Re5+ 32. Re2 Rxe2+ 33.
Kxe2 Ke6 34. Ra4 Ke5 35. Ke3 a5 36. b4 1-0

[Event "IV Weekend Scacchi tra le Torri A"]
[Site "Melegnano ITA"]
[Date "2005.02.25"]
[Round "1"]
[White "Perissinotto, Claudio"]
[Black "Ranola, Yves"]
[Result "0-1"]
[WhiteElo "2100"]
[BlackElo "2455"]
[PlyCount "76"]
[EventDate "2005.02.25"]

1. e4 c5 2. Nf3 Nc6 3. d4 cxd4 4. Nxd4 g6 5. c4 Bg7 6. Be3 Nf6 7. Nc3 d6 8. Be2
O-O 9. O-O Bd7 10. Qd2 Nxd4 11. Bxd4 Bc6 12. f3 a5 13. Nd5 Nd7 14. Bxg7 Kxg7
15. Qd4+ e5 16. Qe3 Bxd5 17. cxd5 Qb6 18. Qxb6 Nxb6 19. Bb5 Rac8 20. Rac1 f5
21. Bd3 fxe4 22. fxe4 Rxf1+ 23. Rxf1 Na4 24. b3 Nb2 25. Bb5 h5 26. Bd7 Rc7 27.
Be8 Nd3 28. Bb5 Nc5 29. Re1 Rf7 30. g3 Rf3 31. Kg2 Rc3 32. Re2 g5 33. Be8 Kh6
34. Bb5 g4 35. h3 h4 36. gxh4 gxh3+ 37. Kh2 Kh5 38. Rf2 Kxh4 0-1

[Event "IV Weekend Scacchi tra le Torri A"]
[Site "Melegnano ITA"]
[Date "2005.02.25"]
[Round "1"]
[White "Salvador, Roland"]
[Black "Murgia, Andrea"]
[Result "1-0"]
[WhiteElo "2340"]
[BlackElo "2092"]
[PlyCount "99"]
[EventDate "2005.02.25"]

1. d4 f5 2. Bg5 h6 3. Bh4 g5 4. e4 Bg7 5. Bg3 f4 6. Bxf4 gxf4 7. Qh5+ Kf8 8.
Qf5+ Nf6 9. e5 d6 10. Qxf4 c5 11. exf6 Bxf6 12. dxc5 e5 13. Qf3 Nc6 14. c3 d5
15. Nd2 Rg8 16. h3 Rg5 17. O-O-O Rf5 18. Qe2 Qa5 19. Kb1 Qxc5 20. f3 Rf4 21.
Nb3 Bf5+ 22. Ka1 Qe7 23. g3 Ra4 24. Qb5 Ra6 25. Qc5 Rb6 26. Rxd5 Be6 27. Rd2
Rc8 28. Qxe7+ Bxe7 29. Bd3 a5 30. Ne2 a4 31. Nbc1 Na5 32. f4 a3 33. fxe5 Ra8
34. Nf4 Bxa2 35. b4 Bf7 36. bxa5 Rxa5 37. e6 Bf6 38. Na2 Bg8 39. Rf1 Bxe6 40.
Nxe6+ Rxe6 41. Bc4 Rb6 42. Rd7 Ke8 43. Rf7 Re5 44. Nc1 Bg5 45. Nd3 Re4 46. Rf8+
Ke7 47. Rc8 Kd7 48. Nc5+ Kxc8 49. Nxe4 Rc6 50. Bd5 1-0

[Event "IV Weekend Scacchi tra le Torri A"]
[Site "Melegnano ITA"]
[Date "2005.02.25"]
[Round "1"]
[White "Sbarra, Marco"]
[Black "Pelizzola, Danilo"]
[Result "1-0"]
[WhiteElo "2204"]
[BlackElo "2065"]
[PlyCount "46"]
[EventDate "2005.02.25"]

1. e4 c5 2. Nf3 Nc6 3. Bb5 d6 4. Bxc6+ bxc6 5. O-O e5 6. h3 Nf6 7. Re1 Be7 8.
c3 O-O 9. d4 cxd4 10. cxd4 Nd7 11. Nc3 Rb8 12. Qc2 Qb6 13. Na4 Qb5 14. dxe5
dxe5 15. Be3 Nb6 16. Nxb6 axb6 17. a4 Qa5 18. Qxc6 Bb7 19. Qxb6 Qa8 20. Qa7
Bxe4 21. Qxe7 Rxb2 22. Qxe5 Bxf3 23. gxf3 Rb3 1-0

[Event "IV Weekend Scacchi tra le Torri A"]
[Site "Melegnano ITA"]
[Date "2005.02.25"]
[Round "1"]
[White "Stroppa, Daniel"]
[Black "Astengo, Marcello"]
[Result "1-0"]
[WhiteElo "2225"]
[BlackElo "2074"]
[PlyCount "55"]
[EventDate "2005.02.25"]

1. d4 d5 2. Nf3 c5 3. dxc5 Nc6 4. a3 e6 5. c4 Bxc5 6. cxd5 exd5 7. b4 Be7 8.
Bb2 Nf6 9. e3 O-O 10. Be2 Bf5 11. Nbd2 Qb6 12. O-O Rfd8 13. Nb3 Rac8 14. Rc1
Be4 15. Nfd4 Nb8 16. Rxc8 Rxc8 17. Qa1 Ne8 18. Rc1 Qg6 19. Bf1 Rd8 20. Ne2 Bd6
21. Nc5 Qh6 22. h3 b6 23. Nb7 Rd7 24. Nxd6 Nxd6 25. Be5 Rd8 26. Ng3 Nd7 27. Bd4
Nb5 28. Bxb5 1-0

[Event "IV Weekend Scacchi tra le Torri A"]
[Site "Melegnano ITA"]
[Date "2005.02.25"]
[Round "1"]
[White "Tencati, Giuseppe"]
[Black "Mrdja, Milan"]
[Result "0-1"]
[WhiteElo "2096"]
[BlackElo "2395"]
[PlyCount "84"]
[EventDate "2005.02.25"]

1. d4 Nf6 2. c4 c5 3. d5 g6 4. Nc3 Bg7 5. e4 d6 6. Nf3 O-O 7. Be2 e6 8. Bg5 h6
9. Bh4 g5 10. Bg3 exd5 11. cxd5 Nh5 12. Nd2 Nxg3 13. hxg3 Nd7 14. O-O Re8 15.
Bg4 Ne5 16. Bxc8 Rxc8 17. Qc2 c4 18. Rfe1 Qa5 19. Nf1 Nd3 20. Re3 b5 21. Nd1 b4
22. Rxd3 cxd3 23. Qxd3 Qc5 24. Nfe3 Qd4 25. Qxd4 Bxd4 26. Nf5 Be5 27. Rb1 Rc2
28. Nfe3 Rc5 29. Nf5 Kh7 30. Kf1 Rec8 31. Nde3 a5 32. Ke2 Rc1 33. Rxc1 Rxc1 34.
Kd3 Bxb2 35. Nxd6 Rc3+ 36. Ke2 Ra3 37. Nec4 Rxa2 38. Kd3 Bg7 39. Nxf7 Rxf2 40.
Nfd6 a4 41. e5 a3 42. e6 a2 0-1

[Event "IV Weekend Scacchi tra le Torri A"]
[Site "Melegnano ITA"]
[Date "2005.02.25"]
[Round "1"]
[White "Vicari, Luigi"]
[Black "Nieus, Thierry"]
[Result "0-1"]
[WhiteElo "2073"]
[BlackElo "2209"]
[PlyCount "44"]
[EventDate "2005.02.25"]

1. d4 Nf6 2. Nf3 c5 3. dxc5 e6 4. Nc3 Bxc5 5. e4 Qb6 6. Na4 Bxf2+ 7. Ke2 Qa6+
8. Kxf2 Nxe4+ 9. Ke3 Qxa4 10. b3 Qc6 11. Nd4 Qc3+ 12. Kxe4 d5+ 13. Kf4 Qxa1 14.
Bb5+ Bd7 15. Qd2 e5+ 16. Kxe5 Bxb5 17. Kxd5 Bc6+ 18. Nxc6 bxc6+ 19. Kc4 O-O 20.
Qd6 Qxa2 21. Kc3 Qa5+ 22. Kb2 Qd5 0-1

[Event "IV Weekend Scacchi tra le Torri A"]
[Site "Melegnano ITA"]
[Date "2005.02.26"]
[Round "2"]
[White "Aranovitch, Emiliano"]
[Black "Salami, Marco"]
[Result "1/2-1/2"]
[WhiteElo "2314"]
[BlackElo "2164"]
[PlyCount "53"]
[EventDate "2005.02.25"]

1. e4 e6 2. d4 d5 3. Nc3 Bb4 4. e5 c5 5. Qg4 Ne7 6. dxc5 Nbc6 7. Nf3 Qc7 8. Bd2
Nf5 9. Bd3 Bxc3 10. Bxc3 d4 11. Bxf5 dxc3 12. Qxg7 Rf8 13. Bd3 cxb2 14. Rb1
Qa5+ 15. Ke2 Qxa2 16. Ng5 Bd7 17. Nxh7 O-O-O 18. Nxf8 Nd4+ 19. Ke3 Ba4 20. Qxf7
Bxc2 21. Bxc2 Nxc2+ 22. Kf4 Nd4 23. Rhd1 Qc4 24. Rxb2 Nf5+ 25. Kf3 Nh4+ 26. Kg3
Nf5+ 27. Kf3 1/2-1/2

[Event "IV Weekend Scacchi tra le Torri A"]
[Site "Melegnano ITA"]
[Date "2005.02.26"]
[Round "2"]
[White "Dragojlovic, Andjelko"]
[Black "Farachi, Francesco"]
[Result "1-0"]
[WhiteElo "2276"]
[BlackElo "2104"]
[PlyCount "81"]
[EventDate "2005.02.25"]

1. e4 e5 2. Nc3 Nf6 3. g3 Nc6 4. Bg2 d6 5. Nge2 Be7 6. h3 Be6 7. d4 Bc4 8. d5
Nb8 9. b3 Ba6 10. O-O Nbd7 11. Be3 O-O 12. Kh2 h6 13. Nb1 Nh7 14. c4 b6 15. a4
Bg5 16. f4 exf4 17. gxf4 Bf6 18. Nbc3 Bb7 19. a5 a6 20. Nd4 bxa5 21. Qc2 Re8
22. Ra2 Bxd4 23. Bxd4 c5 24. Bf2 Nb6 25. Bg3 Nf6 26. Bf3 Nfd7 27. Rg1 a4 28.
Nxa4 Nxa4 29. Rxa4 Qf6 30. Qd3 Kh8 31. Ra2 g5 32. fxg5 hxg5 33. Rf2 Ne5 34. Qe2
Qh6 35. Bh5 g4 36. Bxe5+ Rxe5 37. Bxg4 Rae8 38. Qf3 Bc8 39. Bxc8 Rxc8 40. Qxf7
Rxe4 41. Rg6 1-0

[Event "IV Weekend Scacchi tra le Torri A"]
[Site "Melegnano ITA"]
[Date "2005.02.26"]
[Round "2"]
[White "Luciani, Valerio"]
[Black "Martinez, Rolly"]
[Result "1-0"]
[WhiteElo "2192"]
[BlackElo "2416"]
[PlyCount "61"]
[EventDate "2005.02.25"]

1. d4 d5 2. c4 dxc4 3. e4 Nc6 4. Be3 Nf6 5. Nc3 Ng4 6. Bxc4 Nxe3 7. fxe3 e5 8.
Nf3 Bb4 9. O-O O-O 10. Qb3 Bxc3 11. Qxc3 Bg4 12. Bd5 Bxf3 13. Rxf3 Qe7 14. Bxc6
bxc6 15. Qxc6 Rab8 16. b3 Rb4 17. Rc1 exd4 18. exd4 Rxd4 19. Qxc7 Qg5 20. Rcf1
Rd2 21. Rg3 Qd8 22. Qxa7 Re2 23. Re3 Rc2 24. Ref3 f6 25. e5 Rf7 26. Qa4 Qd2 27.
R3f2 Qe3 28. e6 Rf8 29. e7 Rfc8 30. Qd7 R2c7 31. Qd5+ 1-0

[Event "IV Weekend Scacchi tra le Torri A"]
[Site "Melegnano ITA"]
[Date "2005.02.26"]
[Round "2"]
[White "Martino, Antonio M."]
[Black "De Santis, Alessio"]
[Result "0-1"]
[WhiteElo "2127"]
[BlackElo "2293"]
[PlyCount "80"]
[EventDate "2005.02.25"]

1. Nf3 d6 2. c4 f5 3. Nc3 Nf6 4. d3 g6 5. g3 Bg7 6. Bg2 O-O 7. O-O a5 8. Rb1
Nc6 9. Bd2 Ne5 10. a3 h6 11. b4 axb4 12. axb4 Nf7 13. Qb3 e5 14. Ne1 Nd7 15.
Nc2 Kh7 16. Ra1 Rb8 17. Ra7 f4 18. Rfa1 h5 19. R1a5 Bh6 20. Ne4 Nf6 21. e3 Nxe4
22. dxe4 fxg3 23. hxg3 h4 24. Ra8 Rxa8 25. Rxa8 Qf6 26. f4 hxg3 27. Ne1 exf4
28. exf4 Bxf4 29. Bxf4 Qxf4 30. Qf3 Qxf3 31. Nxf3 Kg7 32. Nd4 Ne5 33. c5 dxc5
34. bxc5 Nd3 35. Nb5 Nf4 36. Bf3 g5 37. Nd4 g4 38. Bg2 Nh3+ 39. Bxh3 gxh3 40.
Ra3 h2+ 0-1

[Event "IV Weekend Scacchi tra le Torri A"]
[Site "Melegnano ITA"]
[Date "2005.02.26"]
[Round "2"]
[White "Mastroddi, Emiliano"]
[Black "Salvador, Roland"]
[Result "1/2-1/2"]
[WhiteElo "2026"]
[BlackElo "2340"]
[PlyCount "203"]
[EventDate "2005.02.25"]

1. e4 c5 2. Nf3 Nc6 3. Nc3 Nf6 4. Bc4 Qc7 5. d3 d6 6. h3 g6 7. O-O Bg7 8. Ng5
O-O 9. f4 Na5 10. Bb3 Nxb3 11. axb3 Bd7 12. Bd2 b5 13. Ne2 Bc6 14. f5 h6 15.
Nf3 e6 16. fxg6 fxg6 17. Nf4 Qf7 18. Ra6 Bb7 19. Rxd6 Ne8 20. Rxe6 g5 21. Rxe8
Raxe8 22. Ne2 Qc7 23. Bc3 c4 24. Bxg7 Qxg7 25. bxc4 bxc4 26. b3 g4 27. hxg4
cxd3 28. cxd3 Qxg4 29. Qc1 Re6 30. Qc4 Rc8 31. Qd4 Rg6 32. Rf2 Rg7 33. Ne5 Qe6
34. Nc4 Kh7 35. Nf4 Qg4 36. Qe5 Rf8 37. Ne3 Qg5 38. Qxg5 hxg5 39. Ne6 Rxf2 40.
Kxf2 Rf7+ 41. Nf5 Kg6 42. Ke3 Bc8 43. Nd6 Bxe6 44. Nxf7 Bxf7 45. b4 Kh5 46. Kf3
Kh4 47. g3+ Kh5 48. d4 Bb3 49. d5 Ba2 50. Ke3 Kg6 51. Kd4 Kf6 52. e5+ Ke7 53.
Ke4 Bb1+ 54. Kd4 Kd7 55. Kc5 Be4 56. Kd4 Bf3 57. Kc5 Ke7 58. Kc6 Be4 59. Kc5
Bg2 60. Kc6 Bf3 61. Kc5 Bd1 62. Kc6 Ba4+ 63. Kc5 Be8 64. Kc4 Kd7 65. Kc5 Bg6
66. Kd4 Bf5 67. Kc5 Bg4 68. Kd4 Ke7 69. Kc5 Bf3 70. Kc6 Bg2 71. Kc5 Be4 72. Kd4
Bf3 73. Kc5 g4 74. Kc6 a6 75. Kc5 Kd7 76. Kd4 Bd1 77. Kc5 Bb3 78. Kd4 Ba2 79.
Kc5 Kc7 80. Kd4 Kb6 81. e6 Bb3 82. Ke5 Kc7 83. d6+ Kc6 84. d7 Kc7 85. Kf5 Kd8
86. Kxg4 Bxe6+ 87. Kf4 Kxd7 88. Ke4 Kc6 89. Kd4 Kb5 90. Kc3 Ka4 91. Kb2 Bg4 92.
Ka2 Bf3 93. Kb2 Bd5 94. Ka1 Ka3 95. Kb1 Be4+ 96. Ka1 Kb3 97. g4 Kc2 98. g5 Bg6
99. Ka2 Bd3 100. g6 Bc4+ 101. Ka1 Bg8 102. g7 1/2-1/2

[Event "IV Weekend Scacchi tra le Torri A"]
[Site "Melegnano ITA"]
[Date "2005.02.26"]
[Round "2"]
[White "Mrdja, Milan"]
[Black "Giretti Kanev, Jasen"]
[Result "1-0"]
[WhiteElo "2395"]
[BlackElo "2173"]
[PlyCount "80"]
[EventDate "2005.02.25"]

1. e4 e6 2. d4 d5 3. Nc3 Nf6 4. e5 Nfd7 5. f4 c5 6. Nf3 Nc6 7. Be3 cxd4 8. Nxd4
Bc5 9. Qd2 Bxd4 10. Bxd4 Nxd4 11. Qxd4 Qb6 12. Qxb6 Nxb6 13. Nb5 Ke7 14. O-O-O
Bd7 15. Nd4 h5 16. h4 Rac8 17. Rh3 Na4 18. Re3 g6 19. Bd3 a6 20. Rd2 Rc7 21. c3
Rhc8 22. Bc2 Nb6 23. Rg3 Ba4 24. b3 Be8 25. Kb2 Nd7 26. Re3 Nc5 27. Rd1 b5 28.
Rc1 a5 29. a3 b4 30. cxb4 axb4 31. a4 Ne4 32. Ree1 Nf2 33. Re3 Rc3 34. Rce1 Bd7
35. R1e2 Rxc2+ 36. Nxc2 Nd1+ 37. Kc1 Nxe3 38. Rxe3 d4 39. Rd3 Bc6 40. Rxd4 Bxg2
1-0

[Event "IV Weekend Scacchi tra le Torri A"]
[Site "Melegnano ITA"]
[Date "2005.02.26"]
[Round "2"]
[White "Nieus, Thierry"]
[Black "Cardini, Saverio"]
[Result "1-0"]
[WhiteElo "2209"]
[BlackElo "2003"]
[PlyCount "51"]
[EventDate "2005.02.25"]

1. e4 e5 2. Nf3 Nc6 3. Be2 Nf6 4. d4 exd4 5. e5 Ng4 6. Nxd4 Ngxe5 7. O-O Nxd4
8. Qxd4 Qf6 9. Be3 c6 10. c4 Be7 11. Nc3 Ng6 12. Qd2 Qd6 13. Qc2 Nf4 14. Bf3
O-O 15. Rfe1 Qg6 16. Qd2 Nh3+ 17. Kh1 Ng5 18. Be2 d6 19. f4 Ne4 20. Nxe4 Qxe4
21. Bd3 Qe6 22. Bxa7 Qd7 23. Bd4 b5 24. cxb5 cxb5 25. Qe2 Bh4 26. Qh5 1-0

[Event "IV Weekend Scacchi tra le Torri A"]
[Site "Melegnano ITA"]
[Date "2005.02.26"]
[Round "2"]
[White "Pace, Pietro Dario"]
[Black "Virzi, Ettore"]
[Result "1-0"]
[WhiteElo "2168"]
[BlackElo "1853"]
[PlyCount "109"]
[EventDate "2005.02.25"]

1. e4 e5 2. Nf3 Nc6 3. Bb5 a6 4. Ba4 Nf6 5. O-O b5 6. Bb3 Bc5 7. d3 d6 8. a3
Bd7 9. Nc3 h6 10. Ba2 O-O 11. h3 Ba7 12. Bd2 Ne7 13. Ne2 Ng6 14. Ng3 Nh7 15.
Qc1 Nh4 16. Nxh4 Qxh4 17. Be3 Bxe3 18. Qxe3 Ng5 19. f4 Ne6 20. Bxe6 Bxe6 21. f5
Bd7 22. f6 g5 23. Nf5 Bxf5 24. Rxf5 Kh7 25. Kh2 Rg8 26. g3 Qh5 27. Kg2 Qg6 28.
g4 h5 29. h4 gxh4 30. g5 Rh8 31. Rh1 Kg8 32. Rxh4 Kf8 33. Kf1 Ke8 34. Qh3 Kd8
35. Ke1 c6 36. Kd2 Kc7 37. Kc1 c5 38. Kb1 a5 39. Qe3 b4 40. axb4 axb4 41. Rxe5
dxe5 42. Qxc5+ Kb7 43. Qxb4+ Kc6 44. d4 Qxg5 45. d5+ Kc7 46. Qc5+ Kb7 47. Rh3
Ra1+ 48. Kxa1 Qc1+ 49. Ka2 Ra8+ 50. Ra3 Rxa3+ 51. Kxa3 Qa1+ 52. Kb3 Qa6 53.
Qe7+ Kb6 54. c4 Qc8 55. Qxf7 1-0

[Event "IV Weekend Scacchi tra le Torri A"]
[Site "Melegnano ITA"]
[Date "2005.02.26"]
[Round "2"]
[White "Ranola, Yves"]
[Black "Sbarra, Marco"]
[Result "1-0"]
[WhiteElo "2455"]
[BlackElo "2204"]
[PlyCount "47"]
[EventDate "2005.02.25"]

1. c4 e6 2. g3 d5 3. Bg2 c5 4. Nf3 Nc6 5. O-O Nf6 6. cxd5 exd5 7. d4 Be7 8.
dxc5 Bxc5 9. Bg5 O-O 10. Nc3 d4 11. Bxf6 Qxf6 12. Ne4 Qe7 13. Nxc5 Qxc5 14. Qd2
Bg4 15. Rac1 Qb6 16. Ng5 Rad8 17. Rfe1 h6 18. Ne4 Be6 19. a3 Na5 20. Qf4 Qxb2
21. Rc5 f5 22. Qe5 Qb6 23. Rb5 Qc6 24. Ng5 1-0

[Event "IV Weekend Scacchi tra le Torri A"]
[Site "Melegnano ITA"]
[Date "2005.02.26"]
[Round "2"]
[White "Rosin, Federico"]
[Black "Dassisti, Alberto"]
[Result "1-0"]
[WhiteElo "2133"]
[BlackElo "2044"]
[PlyCount "77"]
[EventDate "2005.02.25"]

1. e4 e6 2. d4 d5 3. Nc3 Nf6 4. e5 Nfd7 5. f4 c5 6. Nf3 Nc6 7. Be3 a6 8. Qd2 b5
9. dxc5 Bxc5 10. Nd4 Nxd4 11. Bxd4 Bxd4 12. Qxd4 Qb6 13. O-O-O Qxd4 14. Rxd4
Nb6 15. a4 Bd7 16. axb5 axb5 17. Kb1 Nc4 18. b3 Na3+ 19. Kb2 Ke7 20. Bd3 Rhb8
21. Ra1 Nc4+ 22. Bxc4 bxc4 23. Rxa8 Rxa8 24. bxc4 Rb8+ 25. Kc1 Rb4 26. Kd2 Bc6
27. g3 Rxc4 28. Rxc4 dxc4 29. Ke3 Kd7 30. Kd4 Kc7 31. Kxc4 Kb6 32. Kd4 f6 33.
Ne4 Bxe4 34. Kxe4 Kc5 35. exf6 gxf6 36. g4 Kd6 37. h4 h6 38. c4 Kc5 39. g5 1-0

[Event "IV Weekend Scacchi tra le Torri A"]
[Site "Melegnano ITA"]
[Date "2005.02.26"]
[Round "2"]
[White "Vincenzi, Marco"]
[Black "Stroppa, Daniel"]
[Result "1/2-1/2"]
[WhiteElo "2027"]
[BlackElo "2225"]
[PlyCount "119"]
[EventDate "2005.02.25"]

1. e4 g6 2. c4 Bg7 3. d4 d6 4. Nc3 e5 5. dxe5 dxe5 6. Qxd8+ Kxd8 7. Bg5+ f6 8.
O-O-O+ Bd7 9. Be3 Nh6 10. f3 Kc8 11. c5 Re8 12. Bc4 Be6 13. Bxe6+ Rxe6 14. Nge2
Nf7 15. g4 Bf8 16. h4 Na6 17. g5 Nxc5 18. h5 b6 19. hxg6 hxg6 20. Rh7 Nxg5 21.
Bxg5 fxg5 22. Rf7 Kb7 23. Nd5 Rc6 24. Nec3 Na4 25. Rg1 Nxc3 26. bxc3 Ba3+ 27.
Kc2 Rf8 28. Rxf8 Bxf8 29. Rxg5 Re6 30. Rg3 c6 31. Ne3 b5 32. Rh3 Kb6 33. Rh7
Re7 34. Rh8 Rf7 35. Rh3 Kc5 36. Ng4 Kd6 37. Kd3 Ke6 38. Ke2 a5 39. Rh8 b4 40.
cxb4 axb4 41. Rg8 Bg7 42. Rb8 Ra7 43. Rxb4 Rxa2+ 44. Kd3 Ra3+ 45. Ke2 Ra8 46.
Rb7 Bf8 47. Kd3 Rd8+ 48. Ke2 Rc8 49. Ne3 Bd6 50. Rg7 Kf6 51. Rd7 Bf8 52. Rb7
Ke6 53. Ng4 c5 54. Rb6+ Bd6 55. Ne3 Kd7 56. Nc4 Rc6 57. Rb7+ Rc7 58. Rb6 Rc6
59. Rb7+ Rc7 60. Rb6 1/2-1/2

[Event "IV Weekend Scacchi tra le Torri A"]
[Site "Melegnano ITA"]
[Date "2005.02.26"]
[Round "3"]
[White "Aranovitch, Emiliano"]
[Black "Vincenzi, Marco"]
[Result "1-0"]
[WhiteElo "2314"]
[BlackElo "2027"]
[PlyCount "79"]
[EventDate "2005.02.25"]

1. e4 c5 2. Nf3 d6 3. c3 e6 4. d4 Be7 5. Bd3 Nf6 6. O-O Nc6 7. Re1 a6 8. dxc5
dxc5 9. e5 Nd5 10. a4 b6 11. Qe2 Bb7 12. Na3 Qc7 13. Nc2 g5 14. Nxg5 Bxg5 15.
Bxg5 Rg8 16. Qh5 Nxe5 17. Be4 h6 18. f4 hxg5 19. fxe5 Nf4 20. Qf3 O-O-O 21. g3
Nh3+ 22. Kg2 g4 23. Bxb7+ Qxb7 24. Qxb7+ Kxb7 25. Rad1 Ng5 26. Ne3 Nf3 27. Re2
Nxe5 28. Rf1 Rd7 29. Nf5 f6 30. Nh4 Ng6 31. Rxe6 Rd2+ 32. Rf2 Rxf2+ 33. Kxf2
Nxh4 34. gxh4 Rh8 35. Kg3 f5 36. Rf6 Rh5 37. b4 c4 38. b5 axb5 39. axb5 Kc7 40.
Rc6+ 1-0

[Event "IV Weekend Scacchi tra le Torri A"]
[Site "Melegnano ITA"]
[Date "2005.02.26"]
[Round "3"]
[White "De Santis, Alessio"]
[Black "Luciani, Valerio"]
[Result "0-1"]
[WhiteElo "2293"]
[BlackElo "2192"]
[PlyCount "146"]
[EventDate "2005.02.25"]

1. d4 f5 2. g4 fxg4 3. Bf4 d6 4. Nc3 Nc6 5. Bg2 g6 6. d5 Ne5 7. Bxe5 dxe5 8.
Qd3 Bg7 9. O-O-O Nh6 10. Qc4 a6 11. h3 g3 12. fxg3 Nf5 13. Rd3 Nd6 14. Qb3 O-O
15. Nd1 e4 16. Rd2 b5 17. e3 e6 18. dxe6 Qe7 19. Ne2 Nc4 20. Rd4 Bxd4 21. Nxd4
Bb7 22. h4 c5 23. Ne2 Qxe6 24. Nf4 Qd6 25. Qc3 Rad8 26. Bh3 Rfe8 27. Nf2 Qe5
28. Qb3 Bc8 29. Bxc8 Rxc8 30. Ng4 Qg7 31. h5 g5 32. h6 Qf7 33. Nh5 Re6 34. Qc3
Rf8 35. b3 Qf1+ 36. Qe1 Qxe1+ 37. Rxe1 Ne5 38. Nxe5 Rxe5 39. Rd1 Kf7 40. Rd7+
Re7 41. Rd5 Kg6 42. g4 Rf1+ 43. Kd2 Re6 44. Ng7 Ref6 45. Rxc5 Rg1 46. Ne8 Re6
47. Nc7 Rd6+ 48. Kc3 Rxg4 49. Ne8 Re6 50. Nc7 Rb6 51. Nd5 Rd6 52. Kd4 Re6 53.
Nc7 Re7 54. Rc6+ Kf7 55. Nxa6 Rg2 56. Nb4 g4 57. Rc5 Kg6 58. Nd5 Rd7 59. Kxe4
Kxh6 60. Nf4 Rh2 61. Rxb5 Re7+ 62. Kd3 g3 63. Rb6+ Kg7 64. Rb5 h6 65. Rb4 Rd7+
66. Kc3 h5 67. Nxh5+ Rxh5 68. Rg4+ Kf6 69. Rxg3 Rc5+ 70. Kb4 Rxc2 71. a4 Rb7+
72. Ka3 Rc3 73. Rf3+ Ke6 0-1

[Event "IV Weekend Scacchi tra le Torri A"]
[Site "Melegnano ITA"]
[Date "2005.02.26"]
[Round "3"]
[White "Dragojlovic, Andjelko"]
[Black "Ranola, Yves"]
[Result "0-1"]
[WhiteElo "2276"]
[BlackElo "2455"]
[PlyCount "90"]
[EventDate "2005.02.25"]

1. e4 c5 2. Nf3 Nc6 3. Nc3 g6 4. d4 cxd4 5. Nxd4 Bg7 6. Be3 Nf6 7. Bc4 O-O 8.
Bb3 d6 9. h3 Bd7 10. O-O Qa5 11. Re1 Rac8 12. f4 Qh5 13. Nxc6 Bxc6 14. Qxh5
Nxh5 15. g4 Ng3 16. Nd5 Bxd5 17. exd5 f5 18. c3 b5 19. Kg2 Ne4 20. Bxa7 b4 21.
gxf5 gxf5 22. cxb4 Bxb2 23. Rad1 Kf7 24. Kf3 Rc3+ 25. Re3 Rg8 26. Rxc3 Rg3+ 27.
Ke2 Nxc3+ 28. Kf2 Ne4+ 29. Ke2 Rxh3 30. Bd4 Bc3 31. b5 Bxd4 32. Rxd4 Nc3+ 33.
Kd2 Nxb5 34. Rb4 Nc3 35. a4 Ne4+ 36. Kc1 Nc5 37. Bc2 Nd3+ 38. Bxd3 Rxd3 39. Rb5
Rd4 40. a5 Rxf4 41. Kb2 h5 42. Kb3 Rf1 43. Ka2 h4 44. Rb3 Rg1 45. Rb8 Rd1 0-1